| 000 | 00659nam a2200193 i 4500 | ||
|---|---|---|---|
| 001 | 186768 | ||
| 003 | ES-MaACL | ||
| 005 | 20250814063258.0 | ||
| 008 | 170214s1910 sp |||| | spa d | ||
| 100 | 1 |
_aValera, Luis, _d1870-1927 _9146515 |
|
| 245 | 1 | 3 |
_aEl templo de los deleites clandestinos / _cnovela de Luis Valera ; ilustraciones de Romero-Calvet. |
| 260 |
_aMadrid : _bLos Contemporáneos, _c1910. |
||
| 300 |
_a[20] p. : _bil. ; _c27 cm. |
||
| 490 | 1 |
_aLos contemporáneos ; _v73 |
|
| 700 | 1 |
_aRomero Calvet, Rafael. _999360 |
|
| 830 | 1 |
_aLos contemporáneos ; _v73 _9185715 |
|
| 852 |
_aES-MaACL _jR-2598(18) |
||
| 999 |
_c186768 _d186768 |
||